Biggest Cities with Exceptions #2 - Statistics

General Stats
  • This quiz has been taken 11 times
  • The average score is 76 of 100
Answers on the Map
Answers color-coded by a green-red scale on the quiz's map according to % correct below.
 
Answer Stats
Global Rank Population Country Answer % Correct
134 4,100,000 Nigeria Abuja
100%
119 4,600,000 Ethiopia Addis Ababa
100%
86 6,100,000 Egypt Alexandria
100%
129 4,175,000 Brazil Brasilia
100%
12 22,200,000 Egypt Cairo/Giza
100%
4 33,400,000 India Delhi
100%
140 3,950,000 United States Denver
100%
14 21,300,000 Bangladesh Dhaka
100%
147 3,775,000 Brazil Fortaleza
100%
1 67,800,000 China Guangzhou/Shenzhen
100%
72 7,000,000 Vietnam Hanoi
100%
32 13,500,000 Vietnam Ho Chi Minh City
100%
68 7,300,000 China Hong Kong
100%
71 7,050,000 United States Houston
100%
5 28,900,000 Indonesia Jakarta
100%
21 17,400,000 India Kolkata
100%
13 21,400,000 Nigeria Lagos
100%
19 17,700,000 United States Los Angeles
100%
6 26,700,000 Philippines Manila
100%
8 24,900,000 Mexico Mexico City
100%
79 6,450,000 United States Miami
100%
18 18,800,000 Russia Moscow
100%
7 26,600,000 India Mumbai
100%
10 23,100,000 United States New York
100%
20 17,700,000 Japan Osaka/Kobe
100%
33 13,400,000 Brazil Rio de Janeiro
100%
80 6,400,000 Russia Saint Petersburg
100%
58 7,950,000 United States San Francisco/San Jose
100%
11 23,000,000 Brazil São Paulo
100%
118 4,625,000 United States Seattle/Tacoma
100%
3 40,000,000 China Shanghai/Suzhou
100%
2 40,800,000 Japan Tokyo/Yokohama
100%
48 9,300,000 India Ahmedabad
88%
85 6,100,000 United States Atlanta
88%
15 20,900,000 China Beijing
88%
101 5,150,000 Brazil Belo Horizonte
88%
59 7,850,000 United States Boston
88%
36 12,200,000 India Chennai
88%
46 9,900,000 United States Chicago
88%
43 10,500,000 China Chongqing
88%
62 7,550,000 United States Dallas/Fort Worth
88%
91 5,850,000 United States Detroit
88%
94 5,750,000 Mexico Guadalajara
88%
41 11,100,000 India Hyderabad
88%
99 5,200,000 Nigeria Kano
88%
17 19,100,000 Pakistan Karachi
88%
26 15,000,000 DRC Kinshasa
88%
30 14,400,000 Pakistan Lahore
88%
148 3,725,000 United States Orlando
88%
149 3,725,000 Pakistan Rawalpindi / Islamabad
88%
151 3,700,000 Brazil Salvador
88%
114 4,750,000 United States Tampa
88%
54 8,800,000 United States Washington, D.C.
88%
37 11,800,000 China Wuhan
88%
31 13,700,000 India Bangalore
75%
23 16,600,000 China Chengdu
75%
93 5,850,000 Mexico Monterrey
75%
42 10,500,000 Japan Nagoya
75%
63 7,550,000 United States Philadelphia
75%
110 4,825,000 United States Phoenix/Mesa
75%
142 3,925,000 Brazil Recife
75%
90 5,900,000 Indonesia Surabaya
75%
40 11,400,000 China Tianjin
75%
29 14,500,000 China Xiamen
75%
35 12,300,000 China Xi'an
75%
73 6,900,000 Indonesia Bandung
63%
117 4,650,000 Bangladesh Chittagong
63%
143 3,925,000 Nigeria Ibadan
63%
137 4,000,000 India Lucknow
63%
128 4,200,000 Brazil Porto Alegre
63%
64 7,550,000 India Pune
63%
55 8,550,000 China Shenyang
63%
115 4,725,000 China Urumqi
63%
34 13,400,000 China Hangzhou
50%
97 5,400,000 China Harbin
50%
124 4,275,000 India Jaipur
50%
133 4,150,000 Indonesia Medan
50%
52 9,050,000 China Nanjing
50%
103 5,100,000 China Nanning
50%
132 4,175,000 Mexico Puebla
50%
69 7,250,000 China Qingdao
50%
57 8,000,000 China Shantou
50%
67 7,450,000 India Surat
50%
47 9,450,000 China Zhengzhou
50%
108 4,900,000 China Changchun
38%
44 10,500,000 China Changsha
38%
102 5,150,000 China Dalian
38%
141 3,950,000 Pakistan Faisalabad
38%
120 4,550,000 China Fuzhou
38%
109 4,850,000 China Guiyang
38%
66 7,500,000 China Hefei
38%
82 6,350,000 China Jinan
38%
83 6,250,000 China Kunming
38%
123 4,300,000 China Linyi
38%
112 4,800,000 China Nanchang
38%
70 7,100,000 China Ningbo
38%
89 6,000,000 China Shijiazhuang
38%
95 5,750,000 China Taiyuan
38%
104 5,100,000 China Wenzhou
38%
146 3,800,000 China Zibo
38%
No matching quizzes found
Score Distribution
Percent of People with Each Score
Percentile by Number Answered
Your Score History
You have not taken this quiz